[Event "Bad Woerishofen op"]
[Site "Bad Woerishofen"]
[Date "1999.??.??"]
[Round "6"]
[White "Loew, Gerald"]
[Black "Epishin, Vladimir"]
[Result "0-1"]
[WhiteElo "2329"]
[BlackElo "2578"]

1.e4 c5 2.Nf3 e6 3.d4 cxd4 4.Nxd4 Nc6 5.Nc3 Qc7 6.f4 a6 7.Nxc6 Qxc6 8.Bd3 b5
9.Qe2 Bb7 10.Bd2 Be7 11.a3 Qc7 12.O-O-O Nf6 13.g4 d5 14.e5 Nd7 15.Rhe1 Bc6
16.Be3 Rb8 17.Bd4 b4 18.axb4 Rxb4 19.Bxa6 Qa5 20.Nb1 Nc5 21.Bxc5 Qxc5 22.Rf1 O-O
23.c3 d4 24.Bd3 dxc3 25.Nxc3 Ra8 26.Qf2 Ra1+ 27.Bb1 Rxb1+ 28.Kxb1 Qxc3 29.Rfe1 Qc4
30.Re3 Be4+ 31.Ka1 Ra4+ 32.Ra3  0-1

[Event "Bagneux"]
[Site "Bagneux"]
[Date "1999.??.??"]
[Round "1"]
[White "Gollain, Marc"]
[Black "Borne, Niels"]
[Result "1/2-1/2"]
[WhiteElo "2215"]
[BlackElo "2310"]

1.e4 c5 2.Nf3 e6 3.d4 cxd4 4.Nxd4 Nc6 5.Nc3 a6 6.Nxc6 bxc6 7.Bd3 Nf6 8.O-O d6
9.f4 Qc7 10.b3 Be7 11.Bb2 e5 12.f5 h5 13.Qe2 h4 14.Rae1 Qa7+ 15.Qe3 Qxe3+
16.Rxe3 Ng4 17.Rh3 Bg5 18.Bc1 Bxc1 19.Rxc1 Rh6 20.Rd1 Ke7 21.Be2 Nf6 22.Rhd3 Ne8
23.Rf1 Rb8 24.a3 Nc7 25.a4 Rb4 26.Rd2 Rd4 27.Bd3 Rb4 28.Bc4 Rb8 29.Rfd1 Bb7
30.Re1 Rd8 31.Kf2 Rhh8 32.Red1 Ne8 33.Kg1 Nf6 34.Re1 Rd7 35.a5 Rdd8 36.Na4 Ne8
37.b4 Nc7 38.c3 Nb5 39.Rd3 Bc8 40.Nb6 Bb7 41.Bb3 Nc7 42.Rh3 Ne8 43.g4 Nf6
44.Bd1 g5 45.Rhe3 Nd7 46.Na4 Rb8 47.Bc2 Nf6 48.h3 Rhc8 49.Nb6 Rc7 50.c4 c5
51.b5 axb5 52.cxb5 c4 53.Rc3 Rc5 54.Rxc4 Rxb5 55.Rc7+ Kf8 56.Rd1 Rxa5 57.Rxd6 Ra1+
58.Kh2 Ne8 59.Nd7+ Kg8 60.Nxb8 Nxc7 61.Rd7 Ra2 62.Rxc7 Bxe4 63.Nd7 Rxc2+
64.Rxc2 Bxc2 65.Nxe5 f6 66.Nc4 Kf7 67.Kg2 Bd3 68.Nd2 Ke7 69.Kf2 Ba6  1/2-1/2

[Event "ROM-ch sf"]
[Site "Baile Tusnad"]
[Date "1999.??.??"]
[Round "2"]
[White "Sofronie, Iulian"]
[Black "Manea, Alexandru"]
[Result "1/2-1/2"]
[WhiteElo "2414"]
[BlackElo "2262"]

1.e4 c5 2.Nc3 e6 3.Nf3 Nc6 4.d4 cxd4 5.Nxd4 Bb4 6.Nb5 Nf6 7.Bg5 O-O 8.a3 Bxc3+
9.Nxc3 d5 10.Bd3 d4 11.Ne2 e5 12.h3 Qd6 13.g4 b5 14.Ng3 b4 15.Qf3 Ne8 16.O-O bxa3
17.bxa3 Rb8 18.Bd2 g6 19.Kh2 Ng7 20.Rg1 f6 21.Bh6 Rf7 22.Rg2 Kh8 23.Bc4 Be6
24.Bxg7+ Kxg7 25.Nf5+ Bxf5 26.gxf5 Rc7 27.fxg6 h6 28.Rgg1 Ne7 29.Bd3 Rc3
30.a4 Ra3 31.Qg3 Rxa1 32.Rxa1 Rh8 33.h4 h5 34.Rg1 Rh6 35.Qf3 Qc6 36.a5 Rxg6
37.Qxh5 Qc3 38.Rxg6+ Nxg6 39.Qg4 Kh6 40.a6 Qd2 41.Qf5 Nxh4 42.Qxf6+ Ng6 43.Kg3 Qe1
44.Kg4 Qh1 45.Qg5+ Kg7 46.Kf5 Qf3+ 47.Ke6 Qf7+ 48.Kd6 Qf8+ 49.Kd5 Qf7+ 50.Kc5 Qc7+
51.Kb4 Qd6+ 52.Kb3 Qb6+ 53.Ka2 Qa5+ 54.Kb3 Qb6+ 55.Ka2  1/2-1/2

[Event "Barranquilla Carnaval Cup 10th"]
[Site "Barranquilla"]
[Date "1999.??.??"]
[Round "3"]
[White "Garcia, Gildardo"]
[Black "Barrios, Felix"]
[Result "1-0"]
[WhiteElo "2446"]
[BlackElo "2225"]

1.e4 c5 2.Nf3 Nc6 3.Nc3 e6 4.d4 cxd4 5.Nxd4 Nf6 6.Ndb5 d6 7.Bf4 e5 8.Bg5 a6
9.Na3 Be6 10.Bxf6 Qxf6 11.Nd5 Qd8 12.Nc4 Bxd5 13.Qxd5 Qc7 14.Qd2 Be7 15.O-O-O O-O
16.Kb1 Rac8 17.g3 Nd4 18.c3 Ne6 19.Ne3 Qc6 20.Nd5 Bd8 21.Bg2 a5 22.f4 Nc7
23.Rhf1 a4 24.a3 Qc5 25.Qe2 Kh8 26.Qh5 exf4 27.gxf4 Nb5 28.e5 Qc4 29.Rd2 Rc5
30.Rfd1 Ba5 31.Bf1 Qb3 32.Bxb5 Rxb5 33.Nf6 h6 34.Qf5 g6 35.Qh3 Kg7 36.Ne4 d5
37.Nd6 Rb6 38.Rg1 Kh7 39.f5 Qxc3 40.fxg6+ fxg6 41.Qd7+ Kh8 42.Qe7 Rxb2+ 43.Rxb2 Qd3+
44.Ka2 Rf2 45.Qxb7  1-0

[Event "ATL-ch"]
[Site "Barranquilla"]
[Date "1999.??.??"]
[Round "7"]
[White "Royett, Gustavo"]
[Black "Barrios, Felix"]
[Result "1/2-1/2"]
[WhiteElo "1930"]
[BlackElo "2235"]

1.e4 c5 2.Nf3 e6 3.d4 cxd4 4.Nxd4 Nc6 5.Nc3 Qc7 6.Be2 a6 7.O-O Nf6 8.Be3 Bb4
9.f3 O-O 10.Nxc6 bxc6 11.Na4 Rb8 12.b3 d5 13.exd5 cxd5 14.c4 Rd8 15.Qc2 Bd6
16.g3 Bxg3 17.hxg3 Qxg3+ 18.Kh1 d4 19.Bg1 d3 20.Bxd3 Bb7 21.Qe2 Rxd3 22.Qxd3 Ng4
23.Qe2 Qh3+ 24.Bh2 Nxh2 25.Qxh2 Bxf3+ 26.Rxf3 Qxf3+ 27.Qg2 Qh5+ 28.Qh2 Qf3+
29.Qg2 Qh5+  1/2-1/2

[Event "Barranquilla Carnaval Cup 10th"]
[Site "Barranquilla"]
[Date "1999.??.??"]
[Round "7"]
[White "Mendoza, Rafael"]
[Black "Barrios, Felix"]
[Result "1/2-1/2"]
[WhiteElo "2340"]
[BlackElo "2225"]

1.e4 c5 2.Nf3 e6 3.d4 cxd4 4.Nxd4 Nc6 5.Nc3 Qc7 6.Be3 a6 7.Bd3 Nf6 8.O-O Ne5
9.h3 Bc5 10.Kh1 d6 11.f4 Ng6 12.Qf3 O-O 13.Nb3 Bxe3 14.Qxe3 b5 15.a3 Bb7
16.Rae1 e5 17.fxe5 dxe5 18.Nc5 Bc6 19.Ne2 Nd7  1/2-1/2

[Event "Regionalliga NW9899"]
[Site "Bayern"]
[Date "1999.??.??"]
[Round "?"]
[White "Graef, Harald"]
[Black "Leban, Slavko"]
[Result "1-0"]
[WhiteElo "2155"]
[BlackElo "2400"]

1.e4 c5 2.Nf3 Nc6 3.d4 cxd4 4.Nxd4 e6 5.Nc3 Qb6 6.Nb3 Nf6 7.Bd3 Bb4 8.O-O Bxc3
9.bxc3 d6 10.Ba3 Qc7 11.Re1 O-O 12.Nd4 Rd8 13.Nb5 Qa5 14.Bxd6 a6 15.e5 axb5
16.exf6 Rxd6 17.Bxh7+ Kxh7 18.Qh5+ Kg8 19.Qg5 Kf8 20.fxg7+  1-0

[Event "Landesliga Nord 9899"]
[Site "Bayern"]
[Date "1999.??.??"]
[Round "?"]
[White "Loos, Roland"]
[Black "Suran, Jan"]
[Result "1/2-1/2"]
[WhiteElo "2180"]
[BlackElo "2365"]

1.e4 c5 2.Nc3 Nc6 3.Nf3 e6 4.d4 cxd4 5.Nxd4 a6 6.g3 d6 7.Bg2 Bd7 8.O-O Nf6
9.a4 Be7 10.Be3 O-O 11.Qe2 Qc7 12.Rad1 Rac8 13.Kh1 Rfe8 14.Nxc6 Bxc6 15.Bd4 Nd7
16.Rd2 Qb8 17.f4 b5 18.axb5 axb5 19.b4 Qb7 20.Ra1 Ra8 21.Rdd1 Nf6 22.Ra5 Rxa5
23.bxa5 Ra8 24.e5 dxe5 25.fxe5 Nd5 26.Nxd5 Bxd5 27.Bb6 Bb4 28.Bxd5 exd5 29.Qf3 Bxa5
30.Bxa5 Rxa5 31.Qxd5 Qxd5+ 32.Rxd5 Kf8 33.Kg2 Ra2 34.Rc5 Ke7 35.Kf3 Ke6 36.Ke4 Ra4+
37.Ke3 Rb4 38.h3 h5 39.c3 Rb3 40.Ke4 b4 41.cxb4 Rxg3 42.b5 Rxh3 43.Rc6+ Kd7
44.Ra6 Rc3 45.Ra7+ Ke6 46.Ra6+ Kd7 47.Ra7+ Ke6 48.Ra6+ Ke7 49.Ra7+ Ke6  1/2-1/2

[Event "Oberliga Bayern9899"]
[Site "Bayern"]
[Date "1999.??.??"]
[Round "?"]
[White "Lickleder, Andreas"]
[Black "Hornung, Hans"]
[Result "1-0"]
[WhiteElo "2155"]
[BlackElo "2145"]

1.Nc3 c5 2.e4 Nc6 3.Nf3 e6 4.d4 cxd4 5.Nxd4 a6 6.Be3 Qc7 7.Bd3 b5 8.O-O Bb7
9.a4 b4 10.Nce2 Nf6 11.Nxc6 Bxc6 12.f3 Bd6 13.g3 h5 14.Qd2 h4 15.Bf4 hxg3
16.hxg3 Bc5+ 17.Be3 Qb6 18.Bxc5 Qxc5+ 19.Kg2 d5 20.e5 Ne4 21.Qf4 g5 22.Qg4 O-O-O
23.fxe4 dxe4 24.Bxe4 Rd2 25.Rae1 Qd4 26.Kf3 Bxe4+ 27.Qxe4 g4+ 28.Kf4 Qxb2
29.Qc6+ Kb8 30.Qb6+ Ka8 31.Qxa6+ Kb8 32.Qb6+ Ka8 33.Rb1 Qxc2 34.Qa5+ Kb7
35.Rxb4+  1-0

[Event "JUG-ch"]
[Site "Belgrade"]
[Date "1999.??.??"]
[Round "5"]
[White "Pavlovic, Milos"]
[Black "Barlov, Dragan"]
[Result "1-0"]
[WhiteElo "2525"]
[BlackElo "2471"]

1.e4 c5 2.Nf3 e6 3.d4 cxd4 4.Nxd4 Nc6 5.Nc3 Qc7 6.Be2 a6 7.O-O Nf6 8.Be3 Be7
9.f4 d6 10.Qe1 O-O 11.Qg3 Bd7 12.Kh1 Kh8 13.Rad1 Rae8 14.a3 d5 15.e5 Ne4
16.Nxe4 dxe4 17.Nb3 Nb8 18.Qf2 f5 19.Nd2 Bb5 20.c4 Ba4 21.b3 Bc6 22.b4 Nd7
23.Rc1 b6 24.Nb3 Rf7 25.Nd4 Bf8 26.Bd1 Bb7 27.Bb3 Nxe5 28.fxe5 f4 29.c5 Qxe5
30.Bxf4 Qh5 31.c6 Bc8 32.Qe2 Qg6 33.Be5  1-0

[Event "BRA-ch sf"]
[Site "Brazil"]
[Date "1999.??.??"]
[Round "2"]
[White "Souza, Wellington"]
[Black "Marques, Vinicius"]
[Result "0-1"]
[WhiteElo "2220"]
[BlackElo "2251"]

1.e4 c5 2.Nf3 e6 3.d4 cxd4 4.Nxd4 Nc6 5.Nc3 Qc7 6.g3 a6 7.Bg2 Nf6 8.Be3 Ne5
9.O-O Bc5 10.Kh1 Neg4 11.Bc1 h5 12.f4 d6 13.Nce2 e5 14.Nf5 Bxf5 15.exf5 Nf2+
16.Rxf2 Bxf2 17.fxe5 dxe5 18.Bg5 Rd8 19.Qf1 Bd4 20.c3 Bc5 21.Re1 Be7 22.Bxf6 Bxf6
23.Nf4 h4 24.Nd5 Qc5 25.Qd3 hxg3 26.Nxf6+ gxf6 27.Qxg3 Ke7 28.b4 Qb6 29.h3 Kf8
30.a3 Rd2 31.Qe3 Qxe3 32.Rxe3 b6 33.c4 Rc2 34.Rd3 Ke7 35.Bd5 Rh4 36.Rg3 Rf4  0-1

[Event "BRA-ch sf"]
[Site "Brazil"]
[Date "1999.??.??"]
[Round "5"]
[White "Martins, Carlos"]
[Black "Marques, Vinicius"]
[Result "1/2-1/2"]
[WhiteElo "2290"]
[BlackElo "2251"]

1.e4 c5 2.Nf3 e6 3.d4 cxd4 4.Nxd4 Nc6 5.Nc3 Qc7 6.Be3 a6 7.Qd2 Nf6 8.f3 Ne5
9.O-O-O b5 10.Bf4 Bb7 11.Kb1  1/2-1/2

[Event "Cannes"]
[Site "Cannes"]
[Date "1999.??.??"]
[Round "2"]
[White "Bolding, Klaus"]
[Black "Jean, Olivier"]
[Result "0-1"]
[WhiteElo "2305"]
[BlackElo "2263"]

1.e4 c5 2.Nf3 e6 3.d4 cxd4 4.Nxd4 Nc6 5.Nc3 Qc7 6.Be2 a6 7.O-O Nf6 8.h3 Nxd4
9.Qxd4 Bc5 10.Qd3 b5 11.Bg5 Bb7 12.a3 Rc8 13.Bf3 d6 14.Rad1 Nd7 15.Bh5 Ne5
16.Qg3 O-O 17.Kh1 f6 18.Bc1 b4 19.axb4 Bxb4 20.f4 Bxc3 21.bxc3 Nc4 22.Bf3 e5
23.f5 a5 24.Qh4 Bc6 25.g4 Qb7 26.g5 fxg5 27.Bxg5 Rxf5 28.Qg4 Rf7 29.Kh2 Bd7
30.Qg2 Bc6 31.Rg1 Rcf8 32.Rdf1  0-1

[Event "Cologne KSV-ch"]
[Site "Cologne"]
[Date "1999.??.??"]
[Round "2"]
[White "Knuetter, H."]
[Black "Kruett, M."]
[Result "1/2-1/2"]
[WhiteElo "1880"]
[BlackElo "1760"]

1.e4 c5 2.Nf3 e6 3.d4 cxd4 4.Nxd4 Nc6 5.Nc3 Nf6 6.Be3 d6 7.Be2 Be7 8.Qd2 a6
9.O-O Qc7 10.f4 Nxd4 11.Bxd4 e5 12.Be3 exf4 13.Rxf4 Be6 14.Kh1 Rd8 15.Nd5 Bxd5
16.exd5 O-O 17.c4 Nd7 18.Rf2 Ne5 19.b3 b5 20.cxb5 axb5 21.Bxb5 Ng4 22.Rff1 Nxe3
23.Qxe3 Bf6 24.Rac1 Qa5 25.a4 Be5 26.Rc4 f5 27.b4 Qa8 28.Bc6 f4 29.Qf2 Qa6
30.b5 Qa5 31.b6 Rb8 32.Rb1 Qa6 33.Rb5 Qc8 34.b7 Qg4 35.Qf3 Qh4 36.Rb1 g5
37.h3 h5 38.Bd7 g4 39.Bxg4 hxg4 40.Qxg4+ Qxg4 41.hxg4 Kg7 42.a5 f3 43.gxf3 Rxf3
44.a6 Rh8+  1/2-1/2

[Event "Cologne KSV-ch"]
[Site "Cologne"]
[Date "1999.??.??"]
[Round "6"]
[White "Ziabari, Morteza"]
[Black "Kruett, M."]
[Result "0-1"]
[WhiteElo "1805"]
[BlackElo "1760"]

1.e4 c5 2.Nf3 e6 3.d4 cxd4 4.Nxd4 Nc6 5.Nc3 Nf6 6.Be3 d6 7.Bb5 Bd7 8.f4 a6
9.Nxc6 bxc6 10.Ba4 Qa5 11.O-O Qb4 12.Qd3 Be7 13.a3 Qb8 14.h3 c5 15.Rad1 Bxa4
16.Nxa4 O-O 17.c4 Rd8 18.b4 cxb4 19.Bb6 Rd7 20.axb4 Bd8 21.Qe3 Qb7 22.Rfe1 Rb8
23.c5 dxc5 24.Rxd7 Nxd7 25.Bxd8 Rxd8 26.bxc5 Qb5 27.Nb6 Nxc5 28.Rc1 Nxe4
29.Qd4 Rb8 30.Nd7 Re8 31.Ra1 Ng3 32.Kh2 Nf5 33.Qa7 Qb4 34.Qc7 Qb2 35.Rxa6 Nh4
36.Qc6 Qf2 37.Nf6+ gxf6 38.Qxe8+ Kg7 39.Qc6 Qxf4+ 40.Kg1 Qe3+ 41.Kh2 Qf2
42.Ra4 f5 43.Qc3+ f6 44.Qg3+ Qxg3+ 45.Kxg3 Ng6 46.Ra7+ Kh6 47.Ra6 Nf8 48.Ra8 Kg7
49.Ra7+ Kg6 50.Ra8 Nd7 51.Rg8+ Kf7 52.Ra8 Nc5 53.Rh8 Ne4+ 54.Kf4 Kg7 55.Ra8 Ng5
56.Ra6 Kg6 57.h4 e5+ 58.Ke3 Ne4 59.Kf3 Kh5 60.g3 h6 61.Ra8 Nd2+ 62.Ke3 Ne4
63.Rg8 Nxg3 64.Rxg3 f4+  0-1

[Event "Crans Montana op"]
[Site "Crans Montana"]
[Date "1999.??.??"]
[Round "9"]
[White "Pavlovic, Milos"]
[Black "Suetin, Alexey S"]
[Result "1/2-1/2"]
[WhiteElo "2525"]
[BlackElo "2391"]

1.e4 c5 2.Nf3 Nc6 3.d4 cxd4 4.Nxd4 e6 5.Nc3 Qc7 6.Be2 a6 7.O-O Nf6 8.Be3 Bb4
9.Na4 O-O 10.c4 Bd6 11.g3 Be7 12.Nc3 d6 13.Rc1 Qb8 14.Nb3 b6 15.f4 Nd7 16.Bf3 Bb7
17.Qe2 Nc5 18.Bg2 Bf6 19.Rcd1 Qc7 20.g4 Bxc3 21.bxc3 Qe7 22.Nxc5 dxc5 23.f5 Rad8
24.Bf4 e5 25.Be3 f6 26.g5 Kh8 27.Rxd8 Rxd8 28.Rd1  1/2-1/2

[Event "CZE-chT2 9899"]
[Site "CZE"]
[Date "1999.??.??"]
[Round "?"]
[White "Gross, David"]
[Black "Chloupek, Stanislav"]
[Result "1-0"]
[WhiteElo "2425"]
[BlackElo "2355"]

1.e4 c5 2.Nf3 e6 3.d4 cxd4 4.Nxd4 Nc6 5.Nc3 Qc7 6.f4 a6 7.Nxc6 Qxc6 8.Bd3 b5
9.Qe2 Bb7 10.Bd2 Bc5 11.O-O-O Ne7 12.Qh5 g6 13.Qe5 O-O-O 14.Qf6 Rhf8 15.Rhe1 b4
16.Ne2 d5 17.Nd4 Bxd4 18.Qxd4 dxe4 19.Qxe4 Qxe4 20.Bxe4 Rd4 21.Bxb7+ Kxb7
22.Bxb4 Rxb4 23.Rd7+ Kc6 24.Rxe7 Rxf4 25.Rd1 Rf2 26.Red7 Rxg2 27.R1d6+ Kc5
28.Rxa6 Rxh2 29.Raa7 Rh1+ 30.Kd2 Rh2+ 31.Ke3 Rc8 32.Rxf7 Rxc2 33.Rac7+ Kd5
34.Rxc8 Rxc8 35.Rxh7 Ra8 36.a3 Rb8 37.b4 Ra8 38.Rd7+ Kc4 39.Rd4+ Kb5 40.Rd3 Rh8
41.Ke4 Rh5 42.Rg3 Ka4 43.Kd4 Rf5 44.Kc4 g5 45.Re3 g4 46.Rxe6 Rf4+ 47.Kd5 Kxa3
48.b5 g3 49.b6 Rf8 50.Rg6 Kb4 51.Kc6 Ka5 52.Kb7 Rf7+ 53.Ka8 g2 54.b7  1-0

[Event "CZE-chT2 9899"]
[Site "CZE"]
[Date "1999.??.??"]
[Round "?"]
[White "Kucera, Petr"]
[Black "Chloupek, Stanislav"]
[Result "1-0"]
[WhiteElo "2365"]
[BlackElo "2355"]

1.e4 c5 2.Nf3 e6 3.d4 cxd4 4.Nxd4 Nc6 5.Nc3 Qc7 6.g3 a6 7.Bg2 Nf6 8.O-O d6
9.h3 Be7 10.g4 h6 11.Nde2 g5 12.Ng3 Ne5 13.f4 gxf4 14.Bxf4 Bd7 15.Qd4 Rc8
16.Rad1 Qc5 17.Qxc5 Rxc5 18.Be3 Rc8 19.Bd4 Rg8 20.Rf2 Bc6 21.Rdf1 Nfd7 22.Nh5 b5
23.a3 Bb7 24.Rd1 Bh4 25.Re2 Nc4 26.Rf1 Nce5 27.Kh2 Rc4 28.Rd1 Be7 29.Be3 Rg6
30.Nf4 Rg8 31.Nh5 Rg6 32.Bd4 Rc8 33.Na2 Rg8 34.Nc1 Nf6 35.Nxf6+ Bxf6 36.Bc3 Be7
37.Nd3 Ng6 38.Rf1 Rc7 39.Bh1 Bg5 40.Bg2 e5 41.Rd1 Nh4 42.Bh1 h5 43.gxh5 f5
44.Rf1 f4 45.Be1 Rh7 46.Rg1 Rxh5 47.Bxh4 Rxh4 48.Bf3 Bc8 49.Nf2 Kf7 50.Rd2 Rg6
51.Rd3 Rh8 52.Rd2 Be7 53.Rxg6 Kxg6 54.Kg2 Kf7 55.Rd3 Be6 56.Ng4 a5 57.c3 Kg6
58.Rd2 Rb8 59.Nf2 b4 60.cxb4 axb4 61.axb4 Rxb4 62.Nd1 Kf6 63.Nc3 Rb3 64.Bg4 Bxg4
65.hxg4 Ke6 66.Kf1 Bd8 67.Rh2 Bb6 68.Nd5 Bd4 69.Rh7 Rf3+ 70.Ke2 Re3+ 71.Nxe3 Bxe3
72.b4 Kf6 73.b5 Kg5 74.Kf3 Kf6 75.Rc7 Bd4 76.Rc6 Ke6 77.b6  1-0

[Event "CZE-chT2 9899"]
[Site "CZE"]
[Date "1999.??.??"]
[Round "?"]
[White "Paulovic, Martin"]
[Black "Michalek, Jan"]
[Result "1/2-1/2"]
[WhiteElo "2205"]
[BlackElo "2285"]

1.e4 c5 2.Nf3 e6 3.Nc3 Nc6 4.d4 cxd4 5.Nxd4 Nf6 6.Be3 Bb4 7.Nxc6 bxc6 8.Bd3 d5
9.Bd2 Qc7 10.O-O Be7 11.h3 O-O 12.Kh1 a5 13.f4 Re8 14.Qf3 Bf8 15.Rae1 d4
16.Nd1 c5 17.b3 a4 18.Nf2 Bb7 19.Ng4 Nxg4 20.Qxg4 g6 21.f5 exf5 22.exf5 Rxe1
23.Rxe1 Bd5 24.h4 Bg7 25.fxg6 hxg6  1/2-1/2

[Event "CZE-chT2V 9899"]
[Site "CZE"]
[Date "1999.??.??"]
[Round "?"]
[White "Folk, Petr"]
[Black "Efler, David"]
[Result "1/2-1/2"]
[WhiteElo "2255"]
[BlackElo "2185"]

1.e4 c5 2.Nf3 e6 3.d4 cxd4 4.Nxd4 Nc6 5.Nc3 a6 6.Nxc6 bxc6 7.Bd3 d5 8.O-O Ne7
9.Re1 Bb7 10.b3 Ng6 11.exd5 cxd5 12.Qg4 Qh4 13.Qxh4 Nxh4 14.Na4 Bc6 15.c4 Bb4
16.Re2 Bxa4 17.bxa4 O-O 18.cxd5 exd5 19.Rb1 Bc3 20.Rb7 Ng6 21.Rc7 Bf6 22.f4 Rfd8
23.g3 Nf8 24.Rc6 Ne6 25.Bb2 Nd4 26.Bxd4 Bxd4+ 27.Kg2 a5 28.Re7 Rab8 29.Bb5 Bf6
30.Re2 d4 31.Rd2 h6 32.Rc7 Rbc8 33.Rxc8  1/2-1/2

[Event "CZE-chT 9899"]
[Site "CZE"]
[Date "1999.??.??"]
[Round "5"]
[White "Prandstetter, Eduard"]
[Black "Beil, Zdenek"]
[Result "1-0"]
[WhiteElo "2385"]
[BlackElo "2315"]

1.e4 c5 2.Nf3 e6 3.d4 cxd4 4.Nxd4 Nc6 5.Nc3 a6 6.Be2 Qc7 7.Be3 Nf6 8.f4 Bb4
9.Bf3 d5 10.exd5 Nxd5 11.Bxd5 Bxc3+ 12.bxc3 exd5 13.O-O O-O 14.f5 Re8 15.Qf3 Re4
16.f6 g6 17.Rae1 Bd7 18.Qf2 Rae8 19.Nf3 Ne5 20.Nxe5 Qxe5 21.Bd4 Qg5 22.Rxe4 Rxe4
23.Re1 Bf5 24.Rxe4 Bxe4 25.Be3 Qg4 26.h3 Qd1+ 27.Kh2 h5 28.c4 dxc4 29.Qf4 Qxc2
30.Bd2 g5 31.Qxg5+ Kf8 32.Qg7+ Ke8 33.Qg8+ Kd7 34.Qxf7+ Kc6 35.Qe8+ Kb6 36.Qd8+ Kb5
37.f7 c3 38.a4+ Kc4 39.Qc7+ Bc6 40.Qf4+ Kb3 41.f8=Q Qxd2 42.Q4b4+ Kc2 43.Qf1  1-0

[Event "CZE-chT 9899"]
[Site "CZE"]
[Date "1999.??.??"]
[Round "10"]
[White "Sikora Lerch, Jan"]
[Black "Tibensky, Robert"]
[Result "1/2-1/2"]
[WhiteElo "2385"]
[BlackElo "2435"]

1.e4 c5 2.Nf3 e6 3.d4 cxd4 4.Nxd4 Nc6 5.Nc3 Qc7 6.f4 a6 7.Nxc6 bxc6 8.Bd3 d5
9.O-O Nf6 10.e5 Nd7 11.Na4  1/2-1/2

[Event "Dresden op"]
[Site "Dresden"]
[Date "1999.??.??"]
[Round "?"]
[White "Suetin, Alexey S"]
[Black "Saltaev, Mihail"]
[Result "1/2-1/2"]
[WhiteElo "2380"]
[BlackElo "2480"]

1.e4 c5 2.Ne2 Nc6 3.d4 cxd4 4.Nxd4 e6 5.Nc3 d6 6.Be3 Nf6 7.Nb3 a6 8.f4 b5
9.a3 Bb7 10.Bd3 Be7 11.Qf3 Rb8 12.O-O O-O 13.Qh3 b4 14.axb4 Bc8 15.Na5 Nxa5
16.e5 Nh5 17.exd6 Bh4 18.Rxa5 e5 19.g4 Nxf4 20.Rxf4 exf4  1/2-1/2

[Event "Dresden (Women)"]
[Site "Dresden"]
[Date "1999.??.??"]
[Round "?"]
[White "Madl, Ildiko"]
[Black "Kiseleva, Natalia"]
[Result "1/2-1/2"]
[WhiteElo "2435"]
[BlackElo "2340"]

1.e4 c5 2.Nf3 e6 3.d4 cxd4 4.Nxd4 Nc6 5.Nc3 Qc7 6.Be3 a6 7.Bd3 Nf6 8.O-O Nxd4
9.Bxd4 Bc5 10.Be2 e5 11.Bxc5 Qxc5 12.a4 d6 13.Qd3 Be6 14.Rfd1 Rd8 15.Bf3 O-O
16.a5 Rd7 17.Qd2 Qc7 18.Na4 d5 19.Nb6 Rd6 20.c4 d4 21.Rdc1 Rc6 22.b3 Nd7
23.Nd5 Bxd5 24.cxd5 Rc3 25.Rxc3 dxc3 26.Qc2 Nf6 27.Be2 Qc5 28.Bc4 Rc8 29.Qxc3  1/2-1/2

[Event "Dresden (Women)"]
[Site "Dresden"]
[Date "1999.??.??"]
[Round "?"]
[White "Heymann, Ulrike"]
[Black "Koglin, Anke"]
[Result "1/2-1/2"]
[WhiteElo "2195"]
[BlackElo "2260"]

1.e4 c5 2.Nf3 e6 3.d4 cxd4 4.Nxd4 Nc6 5.Nc3 Qc7 6.g3 a6 7.Bg2 Nf6 8.O-O Be7
9.Re1 d6 10.a4 O-O 11.Nxc6 bxc6 12.a5 e5 13.Be3 Bb7 14.Na4 Rae8 15.c4 h6
16.Qd3 c5 17.Nc3 Rb8 18.Qe2 Bc8 19.Red1 Rb3 20.h3 Be6 21.Nd5 Bxd5 22.cxd5 Rb4
23.Bd2 Rfb8 24.Bc3 Nd7 25.Bf1 Ra8 26.Qg4 Rbb8 27.Bc4 Bf6 28.Qe2 Qc8 29.Kg2 Qb7
30.h4 Qa7 31.Rh1 Nf8 32.Ra3 Re8 33.Bd2 Reb8 34.Ra2 Ng6 35.Qg4 Kh8 36.Bc3 Qe7
37.Qe2 Qb7 38.Raa1 Re8 39.Rag1 Nf8 40.Rf1 Reb8  1/2-1/2

[Event "Cataluna-chT"]
[Site "ESP"]
[Date "1999.??.??"]
[Round "1"]
[White "Vehi Bach, Victor Manuel"]
[Black "Rodriguez Sorribes, JA."]
[Result "1-0"]
[WhiteElo "2430"]
[BlackElo "2255"]

1.e4 c5 2.Nf3 e6 3.d4 cxd4 4.Nxd4 Nc6 5.Nc3 a6 6.Be2 Qc7 7.O-O Nf6 8.Kh1 Bb4
9.Qd3 Qd6 10.Nxc6 Qxd3 11.Bxd3 dxc6 12.Na4 Nd7 13.Be3 b5 14.Nb6 Nxb6 15.Bxb6 e5
16.a4 Bb7 17.c4 O-O 18.f3 bxa4 19.c5 a3 20.bxa3 Bc3 21.Rab1 a5 22.Bc7 Ba6
23.Bxa6 Rxa6 24.Rb6 Ra7 25.Rxc6 Rc8 26.Rb1 g6 27.Rb8 Rxb8 28.Bxb8 Rb7 29.Rb6 Rd7
30.Bd6 f5 31.g3 Bd4 32.Rb8+ Kf7 33.c6 Rxd6 34.c7 Rc6 35.c8=Q Rxc8 36.Rxc8 Ke6
37.Ra8 Bc3 38.Ra6+ Ke7 39.Kg2 Kf7 40.Kf1 fxe4 41.fxe4  1-0

[Event "Cataluna-chT"]
[Site "ESP"]
[Date "1999.??.??"]
[Round "5"]
[White "Medina Garcia, Antonio Angel"]
[Black "Estrella Vidiella, J."]
[Result "0-1"]
[WhiteElo "2425"]
[BlackElo "2325"]

1.e4 c5 2.Nf3 e6 3.d4 cxd4 4.Nxd4 Nc6 5.Nc3 Nf6 6.Ndb5 d6 7.Bf4 e5 8.Bg5 a6
9.Na3 b5 10.Nd5 Be7 11.Bxf6 Bxf6 12.c3 O-O 13.Nc2 Rb8 14.h4 Re8 15.Qf3 Be7
16.Bd3 Bf8 17.a3 Ne7 18.Nxe7+ Qxe7 19.Ne3 Be6 20.Bc2 Rec8 21.g3 a5 22.O-O b4
23.cxb4 axb4 24.a4 b3 25.Bd3 g6 26.h5 Bh6 27.hxg6 hxg6 28.Rfc1 Qa7 29.Rxc8+ Rxc8
30.Ng4 Bg5 31.Nf6+ Kg7 32.Nd5 Bxd5 33.exd5 Qd4 34.Qe2 f5 35.Rd1 Qxa4 36.Bb5 Qb4
37.Bc6 e4 38.Ra1 Qb6 39.Ra6 Qd4 40.Ra4 Qc5 41.Rc4 Qb6 42.Kg2 Rc7 43.Ra4 Bf6
44.Qc4 e3 45.Rb4 Qc5 46.fxe3 Qxe3 47.Rxb3 Qd2+ 48.Kf1 Qd1+ 49.Kg2 Bd4  0-1

[Event "Cataluna-chT"]
[Site "ESP"]
[Date "1999.??.??"]
[Round "6"]
[White "Garrido Fernandez, D."]
[Black "Fernandez Cazorla, Antonio"]
[Result "1-0"]
[WhiteElo "2315"]
[BlackElo "2280"]

1.e4 c5 2.Nf3 e6 3.d4 cxd4 4.Nxd4 Nc6 5.Nc3 Qc7 6.Be2 a6 7.O-O Nf6 8.Be3 Bb4
9.Na4 O-O 10.Nxc6 bxc6 11.f4 Rb8 12.Bd3 d5 13.e5 Ne4 14.c3 Be7 15.Bxe4 dxe4
16.Qc2 c5 17.Qxe4 Bb7 18.Qc2 f6 19.Rae1 fxe5 20.fxe5 Rxf1+ 21.Rxf1 Rf8 22.Rxf8+ Bxf8
23.Qf2 Qxe5 24.Bxc5 Bd6 25.Bxd6 Qxd6 26.Nc5 Bd5 27.b3 Qe5 28.Nd7 Qd6 29.Nc5 Qe5
30.Qf8+ Kxf8 31.Nd7+ Ke7 32.Nxe5 Kd6 33.Nd3 Be4 34.Nc1 Ke5 35.Kf2 g5 36.g3 h5
37.Ke3 h4 38.Nd3+ Kf5 39.g4+ Kxg4 40.Nf2+  1-0

[Event "Cataluna-chT"]
[Site "ESP"]
[Date "1999.??.??"]
[Round "7"]
[White "Sanchez Luque, J."]
[Black "Estrella Vidiella, J."]
[Result "0-1"]
[WhiteElo "2155"]
[BlackElo "2325"]

1.e4 c5 2.Nf3 e6 3.d4 cxd4 4.Nxd4 Nc6 5.Nc3 Nf6 6.Ndb5 d6 7.Bf4 e5 8.Bg5 a6
9.Na3 b5 10.Bxf6 gxf6 11.Nd5 f5 12.Bd3 Be6 13.c3 Rc8 14.Qh5 Rg8 15.Qxh7 Rxg2
16.Ne3 Rg7 17.Qh8 Qf6 18.O-O-O fxe4 19.Bxe4 Bxa2 20.Nf5 Qg5+ 21.Rd2 Rg6 22.f4 Qxf4
23.Re1 Na5 24.Bc2 Nb3+ 25.Bxb3 Bxb3 26.Nd4 b4 27.Nxb3 bxa3 28.Qh3 Rb8 29.Kc2 Qa4
30.Kb1 Qxb3 31.Rxe5+ Re6 32.Rxe6+ Qxe6 33.Qf3 Qe1+ 34.Ka2 Qxd2 35.Qc6+ Kd8  0-1

[Event "Espoo op"]
[Site "Espoo"]
[Date "1999.??.??"]
[Round "3"]
[White "Salmensuu, Olli"]
[Black "Helin, Tapio"]
[Result "1-0"]
[WhiteElo "2449"]
[BlackElo "2130"]

1.e4 c5 2.Nf3 e6 3.d4 cxd4 4.Nxd4 Nc6 5.Nc3 Qc7 6.Be2 a6 7.O-O Nf6 8.Kh1 Nxd4
9.Qxd4 Bc5 10.Qd3 h5 11.f4 Ng4 12.Qg3 b5 13.Bxg4 hxg4 14.Qxg4 Bb7 15.Qe2 O-O-O
16.Be3 g5 17.Rae1 f5 18.exf5 exf5 19.Bxc5 Qxc5 20.fxg5 Rh3 21.Qe5 Qxe5 22.Rxe5 Rdh8
23.Kg1 Rxh2 24.Re2 Rh1+ 25.Kf2 R1h5 26.g6 Rg5 27.Ke1 Rg8 28.Re5 R8xg6 29.Rfxf5 Rxf5
30.Rxf5 Rxg2 31.Rf2 Rg1+ 32.Rf1 Rg2 33.Rf2 Rg1+ 34.Kd2 Kc7 35.a3 Bc6 36.Ne2 Kb6
37.Nxg1  1-0

[Event "Espoo op"]
[Site "Espoo"]
[Date "1999.??.??"]
[Round "3"]
[White "Lahtinen, Markku"]
[Black "Agopov, Mikael"]
[Result "0-1"]
[WhiteElo "2221"]
[BlackElo "2398"]

1.e4 c5 2.Nf3 Nc6 3.d4 cxd4 4.Nxd4 e6 5.Nc3 Qc7 6.Be2 Nf6 7.O-O Be7 8.Ndb5 Qb8
9.f4 a6 10.e5 axb5 11.exf6 Bxf6 12.Nxb5 O-O 13.c3 d5 14.Be3 b6 15.Nd4 Nxd4
16.Bxd4 Bxd4+ 17.Qxd4 Rd8 18.a3 Qc7 19.Rad1 Bb7 20.Bd3 Qc5 21.Bc2 Rac8 22.Rfe1 Re8
23.Kh1 f6 24.Qd3 g6 25.Qg3 Kg7 26.h4 Kf7 27.Rd2 Re7 28.h5 Rg8 29.Qh3 Qd6
30.hxg6+ hxg6 31.Qh7+ Kf8 32.Qh6+ Kf7 33.Qh7+ Kf8 34.Qh6+ Ke8 35.Bxg6+ Kd7
36.Bh5 e5 37.fxe5 fxe5 38.Qxd6+ Kxd6 39.Bf3 Kc5 40.c4 e4 41.cxd5 Rh7+ 42.Kg1 exf3
43.b4+ Kb5  0-1

[Event "Espoo op"]
[Site "Espoo"]
[Date "1999.??.??"]
[Round "4"]
[White "Holmsten, Aleksei"]
[Black "Kanko, Ilkka"]
[Result "1-0"]
[WhiteElo "2373"]
[BlackElo "2198"]

1.e4 c5 2.Nf3 e6 3.d4 cxd4 4.Nxd4 Nc6 5.Nc3 Qc7 6.Be2 a6 7.Be3 Nf6 8.O-O Be7
9.f4 d6 10.Kh1 O-O 11.Qe1 Nxd4 12.Bxd4 b5 13.a3 Bb7 14.Qg3 Bc6 15.Rae1 Qb7
16.Bd3 Rfd8 17.Re3 g6 18.Qh3 a5 19.Nd1 b4 20.Nf2 h5 21.g4 Kf8 22.Kg1 Ke8
23.Rd1 hxg4 24.Nxg4 Nh5 25.Qf1 Rab8 26.Rh3 Bxe4 27.Re1 Bxd3 28.cxd3 Qd5 29.Qf2 Kf8
30.a4 Rdc8 31.b3 Qxb3 32.Ba1 Rc2 33.Qd4 Ke8 34.f5 e5 35.Nxe5 dxe5 36.Qxe5 Rb7
37.Rhe3 Rcc7 38.f6 Nxf6 39.Qxf6  1-0